000 00247nam a2200097Ia 4500
008 240331s9999 xx 000 0 und d
082 _bCHI
100 _aLogo. ed
245 4 _aThe Chinese Revolution and us :
_bLogos-Vol.14,No.2, June 1975
942 _cL
999 _c2744
_d2744